Statistics for Liedtext - 21,22,23 - Annenmaykantereit

Click here to take the quiz!

General Stats

  • This quiz has been taken 15 times
  • The average score is 182 of 230

Answer Stats

Answer% Correct
21
100%
22
100%
23
100%
Du
100%
du
100%
kannst
100%
Und
100%
und
100%
was
100%
wie
100%
24
93%
25
93%
26
93%
gar
93%
mehr
93%
nicht
93%
noch
93%
tanzt
93%
wirst
93%
früher
86%
Ich
86%
ich
86%
willst
86%
wissen
86%
27
79%
28
79%
29
79%
das
79%
doch
71%
ein
71%
alle
64%
Freunde
64%
Hast
64%
ihr
64%
sein
64%
wo
64%
Am
57%
am
57%
dass
57%
deine
57%
dich
57%
dir
57%
im
57%
seid
57%
30
50%
Ahnung
50%
an
50%
Bier
50%
dann
50%
klein
50%
Kneipen
50%
Träume
50%
zu
50%
absichtlich
43%
immer
43%
irgendwas
43%
Jugend
43%
ne
43%
nur
43%
passiert
43%
sagst
43%
studieren
43%
überhaupt
43%
Um
43%
WGs
43%
zwischen
43%
alles
36%
drauf
36%
Ende
36%
feiern
36%
frage
36%
gehst
36%
gerade
36%
hälst
36%
liegt
36%
machst
36%
stehst
36%
Straßenlaternenlicht
36%
verschwendest
36%
wartet
36%
weiß
36%
wenn
36%
bestellst
29%
dicht
29%
enttäuscht
29%
Hauptsache
29%
manchmal
29%
melancholisch
29%
Mitte
29%
natürlich
29%
werden
29%
Wochenende
29%

Score Distribution

Percentile by Number Answered

Percent of People with Each Score

Your Score History

You have not taken this quiz